000 00834nam a2200217 i 4500
003 IT-RoINE
005 20191217062717.0
008 840713s1944 sp ac r 000 | spa d
040 _aDLC
_cCarP IT-RoINE
_dDLC
_dIT-RoINE
100 1 _aRuiz Orsatti, Ricardo,
_dn. 1871
_965502
245 1 0 _aRelaciones hispano marroquíes :
_bun gran amigo de España : el sultán Mohammed-ben-Abdalá ... /
_cpor Ricardo Ruiz Orsatti.
260 _aMadrid :
_bAfrica,
_c1944.
300 _a176 p., [1] h. de lám. ;
_c22 cm.
336 _2rdacontent
_atext
337 _2rdamedia
_aunmediated
338 _2rdacarrier
_avolume
500 _aEn verso de portada: Instituto de Estudios Políticos, Madrid.
651 4 _aEspaña
_xRelaciones
_zMarruecos
_ySiglo 18o.
_965503
651 4 _aMarruecos
_xRelaciones
_zEspaña
_ySiglo 18o.
_965504
942 _cMTS
999 _c33268
_d33268